[Event "NED-chT 1011"]
[Site "Netherlands"]
[Date "2011.04.09"]
[Round "8.6"]
[White "Kikkert, Robert"]
[Black "De Jong, Jan Willem"]
[Result "1/2-1/2"]
[WhiteElo "2281"]
[BlackElo "2421"]
[PlyCount "52"]
[EventDate "2010.09.25"]
[EventType "team"]
[EventRounds "9"]
[EventCountry "NED"]
[SourceTitle "EXT 2012"]
[Source "ChessBase"]
[SourceDate "2011.11.24"]
[SourceVersion "1"]
[SourceVersionDate "2011.11.24"]
[SourceQuality "1"]
[WhiteTeam "Amsterdam Caissa"]
[BlackTeam "Leiden LSG"]
[WhiteTeamCountry "NED"]
[BlackTeamCountry "NED"]

1. d4 Nf6 2. c4 g6 3. Nc3 d5 4. Nf3 Bg7 5. cxd5 Nxd5 6. e4 Nxc3 7. bxc3 c5 8. Rb1 0-0 9. Be2 b6 10. 0-0 Bb7 11. Qd3 Ba6 12. Qe3 Qd7 13. Rb3 e6 14. Rd1 Qa4 15. Ra3 Qc2 16. Re1 Bxe2 17. Rxe2 cxd4 18. cxd4 Qc4 19. Rc3 Qb5 20. Ba3 Re8 21. Rb2 Qa4 22. Rcc2 Na6 23. h4 Qd7 24. h5 gxh5 25. Qd3 Qb7 26. Qb5 Rad8 1/2-1/2

[Event "NED-chT 1011"]
[Site "Netherlands"]
[Date "2010.10.09"]
[Round "2.6"]
[White "Kikkert, Robert"]
[Black "Wagenaar, Ron"]
[Result "0-1"]
[WhiteElo "2289"]
[BlackElo "2183"]
[PlyCount "77"]
[EventDate "2010.09.25"]
[EventType "team"]
[EventRounds "9"]
[EventCountry "NED"]
[SourceTitle "CBM 138 Extra"]
[Source "ChessBase"]
[SourceDate "2010.10.29"]
[SourceVersion "1"]
[SourceVersionDate "2010.10.29"]
[SourceQuality "1"]
[WhiteTeam "Amsterdam Caissa"]
[BlackTeam "Enschede Braceland"]
[WhiteTeamCountry "NED"]
[BlackTeamCountry "NED"]

1. d4 d5 2. c4 c6 3. Nf3 Nf6 4. Nc3 e6 5. Bg5 h6 6. Bxf6 Qxf6 7. Qb3 a5 8. a3 a4 9. Nxa4 dxc4 10. Qc2 Nd7 11. Nc3 b5 12. Rd1 Be7 13. g3 0-0 14. Bg2 Rb8 15. 0-0 Rd8 16. Nh4 g5 17. Nf3 Bb7 18. e4 Bf8 19. e5 Qe7 20. Rfe1 Bg7 21. h3 c5 22. d5 exd5 23. Nxd5 Bxd5 24. Rxd5 Nb6 25. Rxd8+ Rxd8 26. Qf5 Qe6 27. Qe4 Na4 28. Qb7 Nxb2 29. Qxb5 Nd3 30. Rd1 Re8 31. Bf1 Bxe5 32. Bxd3 cxd3 33. Qxd3 c4 34. Qc2 Qc6 35. Qf5 Bg7 36. h4 gxh4 37. Nxh4 c3 38. Qc2 Qc5 39. Nf5 0-1